000 00724cam a2200265Ia 4500
001 41036
005 20230410120957.0
008 841221s2006 mx 000 0 spa d
035 _a(OCoLC)ocm11522912
040 _aGZO
_cGZO
_dEL$
035 _a(OCoLC)11522912
050 1 4 _aJC585
_b.S274
090 _aJC585
_b.S274
100 1 _aHayek, Friedrich A. von
_q(Friedrich August),
_d1899-1992.
245 1 0 _aLos fundamentos de la libertad /
_cFriedrich A. Hayek
260 _aMadrid :
_bUnión Editorial,
_cc2006.
250 _a7a. ed.
300 _a541 p.
490 0 _aClásicos de la libertad.
650 0 _aLiberty.
650 0 _aDemocracy.
650 4 _aDemocracia
942 _2lcc
_cbk
994 _aC0
_bDRFGD
999 _c55537
_d55537